| 000 | 01162nam0a2200325 4500 | ||
|---|---|---|---|
| 001 | RU\NLR\bibl\104664 | ||
| 005 | 20250617085037.0 | ||
| 010 |
_a5-227-00569-9 _910000 |
||
| 021 |
_aRU _b2000-13381 _9654 |
||
| 035 | _a(NLR Aleph) 000102404 | ||
| 090 |
_a578707 _c578707 |
||
| 100 | _a20000822d2000 |||y0rusy50 ca | ||
| 101 | 0 | _arus | |
| 102 | _aRU | ||
| 105 | _ay ||||||||| | ||
| 200 | 1 |
_aМосква криминальная _eПо уголов. лабиринтам столич. дна _fБорис Солдатенко |
|
| 210 |
_aМ. _cЦентрполиграф _d2000 |
||
| 215 |
_a409 с. _d21 |
||
| 225 | 1 | _aЧеловек и закон | |
| 300 | _aНа обороте тит. л. авт.: воен. репортер Б. Солдатенко | ||
| 606 | 1 |
_aПреступность _yМосква, город _92087520 _3RU\NLR\auth\661263688 |
|
| 686 | _aХ628.329(2-2М) | ||
| 700 | 1 |
_aСолдатенко _bБ. Б. _gБорис Борисович _4070 |
|
| 801 | 0 |
_aRU _bNLR _c20000822 _gPSBO |
|
| 801 | 1 |
_aRU _bNLR _c20000822 |
|
| 830 | _aАвт. по кн. | ||
| 852 |
_aNLR _j2000-3/7973 |
||
| 942 | _cBOOK | ||
| 980 | _aNB | ||